书目信息 |
| 题名: |
制药工程技术概论
|
|
| 作者: | 宋航 主编 | |
| 分册: | ||
| 出版信息: | 北京 化学工业出版社 2013 |
|
| 页数: | 193页 | |
| 开本: | 26cm | |
| 丛书名: | 制药工程专业系列教材 | |
| 单 册: | ||
| 中图分类: | TQ46 | |
| 科图分类: | ||
| 主题词: | 制药工业--zhi yao gong ye--化学工程--高等学校--教材 | |
| 电子资源: | ||
| ISBN: | 978-7-122-15957-1 | |
| 000 | 00916nam 2200289 450 | |
| 001 | 012001000131 | |
| 005 | 20191107172014.09 | |
| 010 | @a978-7-122-15957-1@dCNY27.00 | |
| 099 | @aCAL 012013036332 | |
| 100 | @a20130306d2013 em y0chiy50 ea | |
| 101 | 0 | @achi |
| 102 | @aCN@b110000 | |
| 105 | @aak a 000yy | |
| 106 | @ar | |
| 200 | 1 | @a制药工程技术概论@Azhi yao gong cheng ji shu gai lun@f宋航主编 |
| 205 | @a第2版 | |
| 210 | @a北京@c化学工业出版社@d2013 | |
| 215 | @a193页@c图@d26cm | |
| 225 | 2 | @a制药工程专业系列教材@Azhi yao gong cheng zhuan ye xi lie jiao cai |
| 300 | @a高等教育规划教材 国家级制药工程特色专业建设项目配套教材 | |
| 320 | @a有书目 | |
| 410 | 0 | @12001@@a制药工程专业系列教材 |
| 606 | 0 | @a制药工业@Azhi yao gong ye@x化学工程@x高等学校@j教材 |
| 690 | @aTQ46@v4 | |
| 701 | 0 | @a宋航@Asong hang@4主编 |
| 801 | 0 | @aCN@b北京卓展文化@c20191020 |
| 905 | @b1195461-4@dTQ46@e93=2@f4 | |
| 制药工程技术概论/宋航主编.-第2版.-北京:化学工业出版社,2013 |
| 193页:图;26cm.-(制药工程专业系列教材) |
| 高等教育规划教材 国家级制药工程特色专业建设项目配套教材 |
| ISBN 978-7-122-15957-1:CNY27.00 |
| ● |
| 相关链接 |
|
|
|
|
正题名:制药工程技术概论
索取号:TQ46/93=2
 
预约/预借
| 序号 | 登录号 | 条形码 | 馆藏地/架位号 | 状态 | 备注 |
| 1 | 1195461 | 211954615 | 第二样本阅览室/ [索取号:TQ46/93=2] | 在馆 | |
| 2 | 1195462 | 211954624 | 第三借阅区/ [索取号:TQ46/93=2] | 在馆 | |
| 3 | 1195463 | 211954633 | 第三借阅区/ [索取号:TQ46/93=2] | 在馆 | |
| 4 | 1195464 | 211954642 | 第三借阅区/ [索取号:TQ46/93=2] | 在馆 |